000
00256nam a22001217a 4500
003
OSt
008
231116b |||||||| |||| 00| 0 eng d
041
_a
eng
082
_a
Krishideepika
100
_a
Sayeed P.M
_9
1706
245
_a
Krishideepika
942
_c
BK
999
_c
18019
_d
18019